Herrenwort oder Gemeindegebet?: eine zur Klärung von dringenden Fragen notwendige Kontroverse
Bildung der Einsetzungsworte; Historizität und dogmatische Konsequenzen der Einsetzungsworte Jesu. FR
| Main Author: | |
|---|---|
| Format: | Print Article |
| Language: | German |
| Check availability: | HBZ Gateway |
| Interlibrary Loan: | Interlibrary Loan for the Fachinformationsdienste (Specialized Information Services in Germany) |
| Published: |
1998
|
| In: |
Kerygma und Dogma
Year: 1998, Volume: 44, Issue: 4, Pages: 275-284 |
| Standardized Subjects / Keyword chains: | B
Bible. Corinthians 1. 11,17-34
/ Institution account
/ Lord's supper
/ Sense of Scripture
/ Eucharistic Prayer
/ Real presence
|
| IxTheo Classification: | HC New Testament NBB Doctrine of Revelation NBP Sacramentology; sacraments SB Catholic Church law |
| Further subjects: | B
Holy See (motif) Codex iuris canonici 1983. can. 331
B Eucharist |
MARC
| LEADER | 00000caa a22000002c 4500 | ||
|---|---|---|---|
| 001 | 1642812722 | ||
| 003 | DE-627 | ||
| 005 | 20241115180220.0 | ||
| 007 | tu | ||
| 008 | 160405s1998 xx ||||| 00| ||ger c | ||
| 035 | |a (DE-627)1642812722 | ||
| 035 | |a (DE-576)465547893 | ||
| 035 | |a (DE-599)BSZ465547893 | ||
| 040 | |a DE-627 |b ger |c DE-627 |e rakwb | ||
| 041 | |a ger | ||
| 084 | |a 1 |2 ssgn | ||
| 100 | 1 | |0 (DE-588)119321238 |0 (DE-627)080130305 |0 (DE-576)167874195 |4 aut |a Slenczka, Reinhard |d 1931-2022 | |
| 109 | |a Slenczka, Reinhard 1931-2022 |a Slenska, Reinhards 1931-2022 |a Sleneczka, Reinhard 1931-2022 | ||
| 245 | 1 | 0 | |a Herrenwort oder Gemeindegebet? |b eine zur Klärung von dringenden Fragen notwendige Kontroverse |c von Reinhard Slenczka |
| 264 | 1 | |c 1998 | |
| 336 | |a Text |b txt |2 rdacontent | ||
| 337 | |a ohne Hilfsmittel zu benutzen |b n |2 rdamedia | ||
| 338 | |a Band |b nc |2 rdacarrier | ||
| 500 | |a Aufsatz | ||
| 520 | |a Bildung der Einsetzungsworte; Historizität und dogmatische Konsequenzen der Einsetzungsworte Jesu. FR | ||
| 601 | |a Notwendigkeit | ||
| 601 | |a Kontroverse | ||
| 610 | 2 | 7 | |0 (DE-588)1126980080 |0 (DE-627)88137671X |0 (DE-576)444577173 |a Katholische Kirche |t Codex iuris canonici |f 1983 |p can. 331 |2 gnd |
| 650 | 0 | 7 | |0 (DE-588)4015644-8 |0 (DE-627)104552514 |0 (DE-576)208912797 |a Eucharistie |2 gnd |
| 652 | |a HC:NBB:NBP:SB | ||
| 689 | 0 | 0 | |d u |0 (DE-588)4278320-3 |0 (DE-627)104410779 |0 (DE-576)210734698 |a Bibel |2 gnd |p Korintherbrief |n 1. |n 11,17-34 |
| 689 | 0 | 1 | |d u |0 (DE-588)4269654-9 |0 (DE-627)104159847 |0 (DE-576)21066715X |a Einsetzungsbericht |2 gnd |
| 689 | 0 | 2 | |d s |0 (DE-588)4000081-3 |0 (DE-627)106402196 |0 (DE-576)208836861 |2 gnd |a Abendmahl |
| 689 | 0 | 3 | |d s |0 (DE-588)4286109-3 |0 (DE-627)104303123 |0 (DE-576)210805439 |2 gnd |a Schriftverständnis |
| 689 | 0 | 4 | |d s |0 (DE-588)4015649-7 |0 (DE-627)106335839 |0 (DE-576)208912819 |2 gnd |a Eucharistisches Hochgebet |
| 689 | 0 | 5 | |d s |0 (DE-588)4177148-5 |0 (DE-627)105350788 |0 (DE-576)209975547 |2 gnd |a Realpräsenz |
| 689 | 0 | |5 (DE-627) | |
| 773 | 0 | 8 | |i In |t Kerygma und Dogma |d Göttingen : Vandenhoeck & Ruprecht, 1955 |g 44(1998), 4, Seite 275-284 |w (DE-627)129079898 |w (DE-600)3222-0 |w (DE-576)014412527 |x 0023-0707 |7 nnas |
| 773 | 1 | 8 | |g volume:44 |g year:1998 |g number:4 |g pages:275-284 |
| 889 | |w (DE-627)1864353260 | ||
| 935 | |a mteo |a DAKR | ||
| 935 | |i mdedup | ||
| 951 | |a AR | ||
| BIB | |a 1 | ||
| BIR | |a 01026026_01026029,02014022_02014025,03022015_03022020,07011017_07011034,07011023_07011025 |b biblesearch | ||
| CAL | |a 203310000_203319999 | ||
| CAN | |a 1 | ||
| ELC | |b 1 | ||
| ITA | |a 1 |t 1 | ||
| LOK | |0 000 xxxxxcx a22 zn 4500 | ||
| LOK | |0 001 3307278258 | ||
| LOK | |0 003 DE-627 | ||
| LOK | |0 004 1642812722 | ||
| LOK | |0 005 20160405131609 | ||
| LOK | |0 008 160404||||||||||||||||ger||||||| | ||
| LOK | |0 040 |a DE-Tue135 |c DE-627 |d DE-Tue135 | ||
| LOK | |0 092 |o n | ||
| LOK | |0 852 |a DE-Tue135 | ||
| LOK | |0 852 1 |9 00 | ||
| LOK | |0 935 |a ixzs |a ixmi | ||
| LOK | |0 936ln |0 1442044136 |a HC | ||
| LOK | |0 936ln |0 1442052430 |a NBP | ||
| LOK | |0 936ln |0 1442051329 |a NBB | ||
| LOK | |0 939 |a 04-04-16 |b l01 | ||
| LOK | |0 000 xxxxxcx a22 zn 4500 | ||
| LOK | |0 001 3955556964 | ||
| LOK | |0 003 DE-627 | ||
| LOK | |0 004 1642812722 | ||
| LOK | |0 005 20210719134328 | ||
| LOK | |0 008 210719||||||||||||||||ger||||||| | ||
| LOK | |0 035 |a (DE-Tue135-3)DAKAR1_15007 | ||
| LOK | |0 040 |a DE-Tue135-3 |c DE-627 |d DE-Tue135-3 | ||
| LOK | |0 092 |o n | ||
| LOK | |0 852 |a DE-Tue135-3 | ||
| LOK | |0 852 1 |c MS Ag-D-32 |9 00 | ||
| LOK | |0 935 |a msmi | ||
| LOK | |0 936ln |0 1442053313 |a SB | ||
| LOK | |0 939 |a 19-07-21 |b l01 | ||
| ORI | |a SA-MARC-ixtheoa001.raw | ||
| STA | 0 | 0 | |a Eucharist,Eucharist,Lord's Supper,Lord's Supper,Lord's Supper (motif),Lord's Supper,Eucharistic Prayer,Institution account,Lord's Supper account,Last Supper account,Lord's supper,Lord's Supper,Eucharist,Real presence,Presence of Christ,Presence of Christ,Sense of Scripture,Scripture sense,Fourfold sense of Scripture,Bible meaning,Bible text |
| STB | 0 | 0 | |a Cène,Cène,Sainte-Cène,Sainte-Cène,Eucharistie,Eucharistie,Herméneutique biblique,Interprétation de l'Écriture,Interprétation de l'Écriture,Prière eucharistique,Anaphore,Anaphore,Présence réelle |
| STC | 0 | 0 | |a Eucaristía,Eucaristía,Hermenéutica bíblica,Oración eucarística,Presencia real,Última Cena,Última Cena,Cena del Señor,Cena del Señor |
| STD | 0 | 0 | |a Cena del Signore <motivo>,Cena del Signore,Santa Cena,Santa Cena,Santa cena (motivo),Santa cena,Ermeneutica biblica,Eucaristia,Eucaristia,Preghiera eucaristica,Presenza reale |
| STE | 0 | 0 | |a 圣餐礼,圣体圣事,圣餐,对圣经的理解,真实临在 |
| STF | 0 | 0 | |a 對聖經的理解,真實臨在,聖餐禮,聖餐禮,聖體聖事,聖餐 |
| STG | 0 | 0 | |a Eucaristia,Eucaristia,Hermenêutica bíblica,Oração eucarística,Presença real,Última Ceia,Última Ceia,Ceia do Senhor,Ceia do Senhor |
| STH | 0 | 0 | |a Библейская герменевтика,Вечеря (мотив),Вечеря,Причастие,Евхаристический канон,Евхаристия (мотив),Евхаристия,Реальное присутствие |
| STI | 0 | 0 | |a Αληθινή παρουσία,Βιβλική Ερμηνευτική,Ευχαριστιακή δέηση,Θεία Ευχαριστία <μοτίβο>,Θεία Ευχαριστία,Αγία Κοινωνία,Θεία Κοινωνία,Αγία Κοινωνία (μοτίβο),Θεία Κοινωνία (μοτίβο),Θεία Ευχαριστία <μοτίβο>,Θεία Ευχαριστία,Δείπνο του Κυρίου,Θεία Κοινωνία,Δείπνο του Κυρίου (μοτίβο),Θεία Κοινωνία (μοτίβο) |
| SUB | |a CAN |a BIB | ||
| SYE | 0 | 0 | |a Altarssakrament,Altarsakrament |
| SYG | 0 | 0 | |a Abendmahlsbericht,Bibel,Matthäusevangelium,26,26-29,Bibel,Markusevangelium,14,22-25,Bibel,Lukasevangelium,22,15-20,Bibel,Korintherbrief,1.,11,23-25 , Herrenmahl , Hochgebet,Kanon,Messkanon |